| 000 | 00451cam a2200193ua 4500 | ||
|---|---|---|---|
| 020 | _a9789380358482 | ||
| 082 |
_a690 _bRAN/BU |
||
| 100 | _aRangwala, S C. | ||
| 245 | _aBuilding construction / | ||
| 250 | _a14 / | ||
| 260 |
_aIndia : _bCharotar publishing house , _c1993. |
||
| 300 | _a775 ; . | ||
| 650 |
_aBuilding Construction _95978 |
||
| 700 | 1 | _aRangwala, P.S . | |
| 700 | 1 |
_aRangwla, K.S . _95979 |
|
| 942 | _cBK | ||
| 999 |
_c64 _d64 |
||
| 003 | @ | ||
| 003 | OSt | ||